Elements of Cartography / (Record no. 617087)

000 -LEADER
fixed length control field 00582nam a22001817a 4500
003 - CONTROL NUMBER IDENTIFIER
control field NUST
005 - DATE AND TIME OF LATEST TRANSACTION
control field 20260415143450.0
008 - FIXED-LENGTH DATA ELEMENTS--GENERAL INFORMATION
fixed length control field 260415b ||||| |||| 00| 0 eng d
020 ## - INTERNATIONAL STANDARD BOOK NUMBER
International Standard Book Number 978-8126524549
082 ## - DEWEY DECIMAL CLASSIFICATION NUMBER
Classification number 526
Author Mark ART
100 ## - MAIN ENTRY--PERSONAL NAME
Personal name Arthur H. Robinson, Joel L. Morrison, Phillip C. Muehrcke, A. Jon Kimerling.
9 (RLIN) 134145
245 ## - TITLE STATEMENT
Title Elements of Cartography /
Statement of responsibility, etc. Arthur H. Robinson, Joel L. Morrison, Phillip C. Muehrcke, A. Jon Kimerling.
250 ## - EDITION STATEMENT
Edition statement 6th Edition
260 ## - PUBLICATION, DISTRIBUTION, ETC.
Place of publication, distribution, etc. India:
Name of publisher, distributor, etc. Wiley,
Date of publication, distribution, etc. 2004.
300 ## - PHYSICAL DESCRIPTION
Extent 674 p ;
Dimensions 29.2 cm
563 ## - BINDING INFORMATION
Binding note Paperback
942 ## - ADDED ENTRY ELEMENTS (KOHA)
Source of classification or shelving scheme
Koha item type Book
Holdings
Withdrawn status Lost status Source of classification or shelving scheme Damaged status Not for loan Permanent Location Current Location Date acquired Total Checkouts Full call number Barcode Date last seen Price effective from Koha item type
          Institute of Geographical Information Systems (IGIS) Institute of Geographical Information Systems (IGIS) 04/15/2026   526 ART IGIS-16 04/15/2026 04/15/2026 Book
          Institute of Geographical Information Systems (IGIS) Institute of Geographical Information Systems (IGIS) 04/15/2026   526 ART IGIS-31 04/15/2026 04/15/2026 Book
          Institute of Geographical Information Systems (IGIS) Institute of Geographical Information Systems (IGIS) 04/15/2026   526 ART IGIS-343 04/15/2026 04/15/2026 Book
© 2023 Central Library, National University of Sciences and Technology. All Rights Reserved.